000 005900000a22001810004500
003 MACL
005 20160505110704.0
008 160505b xxu||||| |||| 00| 0 eng d
040 _aMACL
_cMACL
041 _aHindi
082 _a800 ARV
100 _aअरविंदाक्षन ए
_954677
245 _aआलोचना और संस्‍कृति
_cए. अरविंदाक्षन
260 _bअकादमिक प्रतिभा
_c2008
_aनई दिल्‍ली
350 _a350
650 _aLiterature
_955240
942 _cHIN
_k800/ARV/L
_2ddc
999 _c22264
_d22264